| 000 | 01052nam2a2200253 4500 | ||
|---|---|---|---|
| 001 | RU\NLR\bibl\1507303 | ||
| 005 | 20250616022203.0 | ||
| 010 |
_a978-5-89653-211-8 _9100 |
||
| 021 |
_aRU _b2010-23694 _91586 |
||
| 035 | _a(NLR Aleph) 001498719 | ||
| 090 |
_a1790835 _c1790835 |
||
| 100 | _a20100504d2009 |||y0rusy50 ca | ||
| 101 | 0 | _arus | |
| 102 | _aRU | ||
| 105 | _ay ||||||||| | ||
| 200 | 1 | _aЛихвинский уезд | |
| 210 |
_d2009 _aБ. м. |
||
| 215 | _a240 с. | ||
| 461 | 0 |
_1001RU\NLR\bibl\1512989 _12001#$aСинодик священнослужителей, учителей, монашествующей братии и благотворителей$vКн. 1, ч. 3 _940387 _cКалуга _d2009 _f[сост.: В.В. Легостаев] _nОблиздат _tСинодик священнослужителей, учителей, монашествующей братии и благотворителей _vКн. 1, ч. 3 |
|
| 801 | 0 |
_aRU _bNLR _c20100504 _gRCR |
|
| 801 | 1 |
_aRU _bNLR _c20100504 |
|
| 942 | _cBOOK | ||
| 980 | _aNB | ||